00770nam a2200181 a 4500008004100000050002200041100002100063245010500084260003700189300000900226350000900235650003200244650003100276710004700307995009300354999001700447952012400464081120s1978 ||||||||||||||||| || u aGOV.ZAM(02)1978/2 aMumpanshya, J. C10aReport of the Commission of Inquiry into the Affairs of Zambia RailwayscChaired by J. C. Mumpanshya aLusakabGovernment Printerc1978 a65p. a0.00 aZAMBIA RAILWAYS--CORRUPTION aZAMBIA RAILWAYS--TRIBALISM aGovernment of the Republic of Zambia (GRZ) D0.00FCBU-MAIN LIBRARY (Kitwe)H1I0.00M1UAVAILABLEWNov 20, 2008ZZambiana Collection c56114d56114 00102lcc4070a001b001cZambiana Collectiond2022-11-30l0oGOV.ZAM(02)1978/2p03003190r2022-11-30w2022-11-30y002